| 000 | 01400cam a2200397 a 4500 | ||
|---|---|---|---|
| 001 | 3074374 | ||
| 003 | OSt | ||
| 005 | 20180116183021.0 | ||
| 008 | 971022s1997 nyua 000 1 eng d | ||
| 010 | _a 97074747 | ||
| 020 | _a0375400117 | ||
| 035 | _a(OCoLC)37689141 | ||
| 040 |
_aOT _cOT _dMoS _dDLC |
||
| 042 | _alccopycat | ||
| 043 | _aa-ja--- | ||
| 050 | 0 | 0 |
_aPS3557.O35926 _bM45 1997 |
| 082 | 0 | 0 |
_a813.54 GOL 1997 _221 |
| 100 | 1 |
_aGolden, Arthur, _d1957- |
|
| 245 | 1 | 0 |
_aMemoirs of a Geisha _ba novel / _cby Arthur Golden. |
| 250 | _a1st ed. | ||
| 260 |
_aNew York : _bAlfred A. Knopf, _c1997. |
||
| 300 |
_a434 p. _bill. ; _c25 cm. |
||
| 440 | _aMemoirs of a Geisha | ||
| 590 | _aLC copy has photo of author tipped-in. | ||
| 600 | _aGolden, Arthur | ||
| 650 | 0 |
_aGeishas _xFiction. |
|
| 650 | 0 |
_aWomen _zJapan _xFiction. |
|
| 651 | 0 |
_aJapan _xHistory _y20th century _xFiction. |
|
| 655 | 7 |
_aHistorical fiction. _2gsafd |
|
| 856 | 4 | 2 |
_3Contributor biographical information _uhttp://www.loc.gov/catdir/bios/random058/97074747.html |
| 856 | 4 | 1 |
_3Sample text _uhttp://www.loc.gov/catdir/samples/random041/97074747.html |
| 856 | 4 | 2 |
_3Publisher description _uhttp://www.loc.gov/catdir/description/random041/97074747.html |
| 906 |
_a7 _bcbc _ccopycat _d2 _eopcn _f19 _gy-gencatlg |
||
| 942 |
_2ddc _cBK |
||
| 999 |
_c350599 _d350599 |
||